000 00440nam a22001697a 4500
003 MPLRDC
005 20220104162846.0
008 210129b ||||| |||| 00| 0 eng d
082 _a859.6 ADYY v.7
100 _aMIRIAM COHEN
245 _aSEE YOU TOMORROW CHARLES
_c
260 _a
_bA YEARLING BOOK DELL PUBLISHING
_c
300 _b
490 _aA DELL YOUNG YEARLING
650 _aCHILDREN LITERATURE
942 _cBK
_o859.6 ADYY v.7
999 _c56176
_d56166